Budovanie značky zamestnávateľa diplomová práca

Na minha lista:
Detalhes bibliográficos
Autor principal: Struková, Veronika
Autor Corporativo: Podnikovohospodárska fakulta EU so sídlom v Košiciach. Katedra manažmentu
Outros Autores: Olexová, Cecília, 1976-
Formato: Livro
Idioma:eslovaco
Publicado em: Košice 2017
Tags: Adicionar Tag
Sem tags, seja o primeiro a adicionar uma tag!

MARC

LEADER 00000nbm a2200000 4500
001 0235309
005 20171121123231.1
041 0 |a slo 
044 |a SK 
245 1 0 |a Budovanie značky zamestnávateľa  |b diplomová práca  |c Veronika Struková ; školiteľ: Cecília Olexová 
264 1 |a Košice  |c 2017 
300 |a 83 s. 
100 1 |a Struková, Veronika 
700 1 |a Olexová, Cecília, 1976- 
710 2 |a Podnikovohospodárska fakulta EU so sídlom v Košiciach. Katedra manažmentu